00730nam a22002057a 450000500170000001000150001702000260003203500140005803700090007208200080008110000210008924500250011025000060013526000590014127001070020030000200030794200220032799900190034995201560036820260702122344.0 aENG-148969 a9788181500946c530.00 aEN-132501 bDBAD a954 aRoy, P.K.989496 aThe Gaddi/cP.K. Roy a1 aNew DelhibAravali Books International Pvt. Ltd.c2010 aW-30, Okhla Industrial Area, Phase II bNew Delhie110020k26388830-32maravaliprinters@rediffmail.com a77p.c24cm (hb) 2ddccENh954mROY c216837d216837 001040718NFICaDBADbDBADd2026-07-02eDelivery of Books Act Divisiong530.00l0o954 ROYpEN-132501r2026-07-02 12:24:02t1v530.00w2026-07-02yEN